Religion, spirituality & secularity in multi-religious India : (Record no. 8206)

MARC details
000 -LEADER
fixed length control field 02933cam a2200457 i 4500
001 - CONTROL NUMBER
control field 19952116
003 - CONTROL NUMBER IDENTIFIER
control field OSt
005 - DATE AND TIME OF LATEST TRANSACTION
control field 20190923115457.0
008 - FIXED-LENGTH DATA ELEMENTS--GENERAL INFORMATION
fixed length control field 170606s2017 ii b 001 0 eng d
010 ## - LIBRARY OF CONGRESS CONTROL NUMBER
LC control number 2017329056
020 ## - INTERNATIONAL STANDARD BOOK NUMBER
International Standard Book Number 9789351482130
020 ## - INTERNATIONAL STANDARD BOOK NUMBER
International Standard Book Number 9351482138
025 ## - OVERSEAS ACQUISITION NUMBER
Overseas acquisition number I-E-2017329056; 05; 13-91
035 ## - SYSTEM CONTROL NUMBER
System control number (OCoLC)ocn989069650
035 ## - SYSTEM CONTROL NUMBER
System control number (OCoLC)989069650
037 ## - SOURCE OF ACQUISITION
Source of stock number/acquisition Library of Congress -- New Delhi Overseas Office
040 ## - CATALOGING SOURCE
Original cataloging agency VUT
Language of cataloging eng
Description conventions rda
Transcribing agency VUT
Modifying agency OCLCF
-- DKAGE
-- OCLCQ
-- DLC
042 ## - AUTHENTICATION CODE
Authentication code lccopycat
-- lcode
043 ## - GEOGRAPHIC AREA CODE
Geographic area code a-ii---
050 00 - LIBRARY OF CONGRESS CALL NUMBER
Classification number BL2015.R44
Item number C66 2016
082 04 - DEWEY DECIMAL CLASSIFICATION NUMBER
Classification number 200.954
Edition number 23
Item number SE469R
111 2# - MAIN ENTRY--MEETING NAME
Meeting name or jurisdiction name as entry element Conference in Implicit Religion and Secular Spirituality in India
Date of meeting or treaty signing (2016 :
Location of meeting Hyderabad, India),
Relator term author.
245 10 - TITLE STATEMENT
Title Religion, spirituality & secularity in multi-religious India :
Remainder of title visions & experiments /
Statement of responsibility, etc. editor, Israel Selvanayagam.
246 30 - VARYING FORM OF TITLE
Title proper/short title Religion, spirituality and secularity in multi-religious India
264 #1 - PRODUCTION, PUBLICATION, DISTRIBUTION, MANUFACTURE, AND COPYRIGHT NOTICE
Place of production, publication, distribution, manufacture Pune, India :
Name of producer, publisher, distributor, manufacturer Association of Theological Teachers in India (ATTI) ;
Place of production, publication, distribution, manufacture New Delhi, India :
Name of producer, publisher, distributor, manufacturer Christian World Imprints,
Date of production, publication, distribution, manufacture, or copyright notice 2017.
264 #4 - PRODUCTION, PUBLICATION, DISTRIBUTION, MANUFACTURE, AND COPYRIGHT NOTICE
Date of production, publication, distribution, manufacture, or copyright notice ©2017
300 ## - PHYSICAL DESCRIPTION
Extent xv, 171 pages ;
Dimensions 25 cm
336 ## - CONTENT TYPE
Content type term text
Content type code txt
Source rdacontent
337 ## - MEDIA TYPE
Media type term unmediated
Media type code n
Source rdamedia
338 ## - CARRIER TYPE
Carrier type term volume
Carrier type code nc
Source rdacarrier
504 ## - BIBLIOGRAPHY, ETC. NOTE
Bibliography, etc. note Includes bibliographical references and index.
505 00 - FORMATTED CONTENTS NOTE
Title Is implicit religion and secular spirituality only a Western concept and experience?: a keynote presentation /
Statement of responsibility Edward Bailey --
Title Defining religion in 'Hindu' India: a review of major attempts /
Statement of responsibility Israel Selvanayagam --
Title North east Indian secular spirituality?: an exploration towards sacred-secular spirituality /
Statement of responsibility Songram Basumatary --
Title Religion and secular spirituality in India: an Islamic perspective /
Statement of responsibility Mohd Fahim Akhtar --
Title Islamic spirituality in secular India: some modern thinkers /
Statement of responsibility M.M. Abraham --
Title Secular spirituality from an Ao Naga tribal woman perspective /
Statement of responsibility Asangla Lemtur --
Title Religion and secular spirituality in tribal traditions of NEI: a feminist perspective /
Statement of responsibility T. Vanlaltlani --
Title Secular spirituality of people's movements in the context of religious pluralism: a feminist perspective /
Statement of responsibility Gabriele Dietrich --
Title Understanding religion and spirituality in current debates on secularism in India /
Statement of responsibility Densingh Oliver --
Title Freedom of religion in secular India: from a legal perspective /
Statement of responsibility Faizan Mustafa --
Title Human sex, sacred or profane?: Hindu-Christian perceptions /
Statement of responsibility Israel Selvanayagam --
Title Environmental spirituality /
Statement of responsibility W.S. Annie.
650 #0 - SUBJECT ADDED ENTRY--TOPICAL TERM
Topical term or geographic name entry element Religious pluralism
Geographic subdivision India
Form subdivision Congresses.
650 #0 - SUBJECT ADDED ENTRY--TOPICAL TERM
Topical term or geographic name entry element Implicit religion
Geographic subdivision India
Form subdivision Congresses.
650 #0 - SUBJECT ADDED ENTRY--TOPICAL TERM
Topical term or geographic name entry element Spirituality
Geographic subdivision India
Form subdivision Congresses.
650 #0 - SUBJECT ADDED ENTRY--TOPICAL TERM
Topical term or geographic name entry element Secularism
Geographic subdivision India
Form subdivision Congresses.
700 1# - ADDED ENTRY--PERSONAL NAME
Personal name Celvanāyakam, Israyēl,
Relator term editor.
906 ## - LOCAL DATA ELEMENT F, LDF (RLIN)
a 7
b cbc
c copycat
d 3
e ncip
f 20
g y-gencatlg
942 ## - ADDED ENTRY ELEMENTS (KOHA)
Source of classification or shelving scheme Dewey Decimal Classification
Koha item type Books
Holdings
Withdrawn status Lost status Source of classification or shelving scheme Damaged status Not for loan Collection code Home library Current library Date acquired Cost, normal purchase price Total Checkouts Full call number Barcode Date last seen Price effective from Koha item type
    Dewey Decimal Classification     Non-fiction Harvest Mission College Harvest Mission College 23.09.2019 650.00   200.954 SE469R 009311 23.09.2019 23.09.2019 Books

OPAC Designed and Maintained by HMC Library Team.
Copyright © HMC Library,Greater Noida, UP.
For any Suggestions/Query Contact library via Email:libhmc@gmail.com